| 000 | 00527nam a2200205 a 4500 | ||
|---|---|---|---|
| 005 | 20210219153014.0 | ||
| 008 | 991125n 000 0 u | ||
| 035 | _aUPN01000072710 | ||
| 100 | _aVia, Skip | ||
| 222 | _aMEDIA AND METHODS | ||
| 245 | _aDigitiezers and scanners : using your image-ination | ||
| 300 | _a32-33 | ||
| 362 | _a28, No. 3, 1992 | ||
| 505 | _aJunio 1992 | ||
| 653 | 0 | _aEQUIPO DE AUDIO | |
| 653 | 0 | _aEQUIPO DE VIDEO | |
| 653 | 0 | _aMICROCOMPUTADORAS | |
| 904 |
_aAC _b010521 |
||
| 905 | _aArticulo | ||
| 999 |
_c66063 _d66063 |
||